| 000 | 00547nam a22001817a 4500 | ||
|---|---|---|---|
| 999 |
_c7855 _d7855 |
||
| 003 | OSt | ||
| 005 | 20220328113408.0 | ||
| 008 | 220328b ||||| |||| 00| 0 eng d | ||
| 020 | _a9780521793797 | ||
| 040 | _cDDC | ||
| 082 | _a321.8 DEM 2000 | ||
| 100 |
_aAdam Przeworski et al _915976 |
||
| 245 |
_aDemocracy and Development _b: political institutions and well being in the world, 1950-1990 |
||
| 260 |
_aNewyork _b:Cambridge University _c, C 2000 |
||
| 300 |
_axvii,321p. _c: 23 cm |
||
| 504 | _aAppendix Index References | ||
| 942 |
_2ddc _cBOOK |
||